| 000 | 00678nam a2200229Ia 4500 | ||
|---|---|---|---|
| 001 | 25422 | ||
| 003 | 85604 | ||
| 005 | 20250226070514.0 | ||
| 008 | ||||||n9999 ||| || || | ||
| 041 | _aspa | ||
| 100 |
_aHelmsing, A.H.J. _910784 |
||
| 245 | 0 | _aRelaciones micro-economicas, cambio macro-economico y desarrollo territorial | |
| 260 |
_aBogotá : _bEscuela Superior de Administración Pública - ESAP, _c1987. |
||
| 300 | _a300p | ||
| 562 | _e1 | ||
| 650 | 0 |
_aAnálisis económico _9262 |
|
| 650 | 0 |
_aDesarrollo regional _94193 |
|
| 650 |
_aECONOMIA AGRARIA _95806 |
||
| 650 |
_aESTUDIO DE CASO _94625 |
||
| 650 |
_aSITUACIÓN ECONÓMICA _95556 |
||
| 942 | _cDOC | ||
| 999 |
_c25422 _d25422 |
||